| 000 | 01392nam a2200265 a 4500 | ||
|---|---|---|---|
| 001 | BRCA_7324 | ||
| 005 | 20190320205808.0 | ||
| 008 | 110712s1943----sp-a######---#000-0#spa-# | ||
| 041 | _aspa | ||
| 044 | _asp | ||
| 050 | 4 |
_aPC4620 _b.C68 1943 |
|
| 100 | 1 |
_aCovarrubias Horozco, Sebastián de _918114 |
|
| 245 | 1 | 0 |
_aTesoro de la lengua castellana o española _bsegún la impresión de 1611, con las adiciones de Benito Remigio Noydens publicadas en la de 1674 _cSebastián de Covarrubias ; edición preparada por Martín de Riquer. |
| 260 |
_aEspaña _bS. A. Horta, I. E. _c1943 |
||
| 300 |
_axv, 1093 p. _bil. _c28 cm. |
||
| 500 | _aIncluye índice alfabético | ||
| 500 | _aIncluye portada de la primera edición: Tesoro de la Lengva Castellana, o Española. Compvuesto por el Licenciado Don Sebastian de Cobarruvias Orozco, Capellan de su Magestad, Mastrescuela y Canonigo de la Santa Yglesia de Cuenca, y Consultor del Santo Oficio de la Inquisicion. Dirigido a la Magestad Catolica del Rey Don Felipe III. nuestro señor. Madrid: Luiz Sanchez, impressor del Rey N S., 1611 | ||
| 500 | _aDiccionario inventariado por Banco de México como libro | ||
| 500 | _aN29 | ||
| 650 | 1 | 4 |
_aEspañol _vDiccionarios _918115 |
| 700 | 1 |
_aNoydens, Benito Remigio _d1630-1685 _918116 |
|
| 700 | 1 |
_aRiquer, Martín de _cConde de Casa Dávalos _d1914- _eEditor _918117 |
|
| 902 | _aGFM | ||
| 942 |
_2lcc _cB |
||
| 999 |
_c7000 _d7000 |
||